[Event "21st Alekhine FIDE 2017"]
[Site "Voronezh"]
[Date "2017.06.13"]
[Round "2"]
[White "Sokolovsky, Victor"]
[Black "Palkovich, Denis"]
[Result "1-0"]
[WhiteElo "1896"]
[BlackElo "2147"]
[Annotator "TA"]
[PlyCount "75"]
[EventDate "2017.??.??"]
[EventType "swiss"]
[EventCountry "RUS"]
[SourceTitle "playchess.com"]
[Source "ChessBase"]
[SourceQuality "1"]

{[%evp 9,75,40,55,62,54,-53,-53,-78,-77,-70,-47,-40,-49,-82,-58,-121,-82,-229,-228,-219,-145,-147,-141,-156,-144,-326,-95,-111,70,-113,-62,-102,-109,-93,76,159,144,-9,-16,-129,-129,-126,-98,-116,-62,-83,-25,-129,0,0,0,0,8,8,10,-6,76,74,65,93,12837,12838,12838,12839,12839,12839,12834,12833]} 1. e4 d5 2. exd5 Qxd5 3. Nc3 Qa5 4. Nf3 Nf6 5. Bc4 Nc6 {[%cal Bb8c6,Bc6d4,Bd4f3][%mdl 32]} 6. O-O {B01: Scandinavian Defence} (6. d3 Bg4 7. Bb5 a6 8. Bxc6+ bxc6 9. h3 Qh5 10. Rg1 Bxf3 11. Qxf3 Qxf3 {½-½ (11) Rodriguez Vila,A (2421)-Tristan,L (2457) Villa Martelli 2013}) 6... Bg4 7. d3 (7. h3 $14 Bxf3 8. Qxf3) 7... Nd4 $15 {Threatens to win with ...Qh5.} 8. Be3 $146 {Black is slightly better.} ({Predecessor:} 8. Re1 Qh5 9. Re3 e6 10. Ne4 Nxe4 11. dxe4 O-O-O 12. Rd3 Nxf3+ 13. gxf3 Rxd3 14. Qxd3 Bxf3 15. Kf1 Bb4 16. c3 Rd8 17. Qe3 Rd1+ {0-1 (17) Ter Stal,S (1714)-Bombek,P (2172) Prague 2014}) 8... Nxf3+ 9. gxf3 Bh3 10. Re1 e6 11. f4 O-O-O 12. Nb5 (12. Qf3 $15 Bg4 13. Qg2) 12... a6 {[%cal Ba7a6,Ba6b5][%mdl 32]} 13. b4 (13. a4 $17) 13... Bxb4 $19 14. c3 axb5 15. cxb4 Qa6 16. Bb3 Qd6 17. Bc2 $2 (17. a4 $17) 17... Qxb4 $2 (17... Qd5 $19 {[%csl Gh3][%cal Rd5g2] and Black stays clearly on top.} 18. f3 Qh5) 18. a4 $17 c6 $2 (18... Bg4 $17 19. Qc1 Nd5 20. axb5 Bf3) 19. Rb1 $2 (19. Qf3 $1 $14 {keeps the upper hand.}) 19... Qd6 {White must now prevent ...bxa4.} 20. axb5 Qd5 {[%csl Gh3][%cal Rd5g2]} 21. f3 cxb5 $2 {[#]} (21... g5 $1 $17 22. fxg5 Ng4) 22. Ba4 ({White should try} 22. Bf2 $1) 22... Qa2 $16 {[%csl Gh3][%cal Ra2g2] [#]} ({But not} 22... bxa4 $2 23. Qxa4 Kc7 24. Rec1+ Kd6 25. Rb6+ Ke7 26. Bc5+ Qxc5+ 27. Rxc5 $18) ({Reject} 22... Qxd3 $6 23. Qxd3 Rxd3 24. Bxb5 $11) 23. Bc2 $2 (23. Qc1+ $1 $16 Kb8 24. Bf2) 23... Nd5 $11 24. Rxb5 (24. Qc1 $1 $11 {keeps the balance.} Nc7 25. Rxb5) 24... Nxe3 $17 25. Rxe3 Qa7 26. Qe1 {next Qc3+ is good for White.} Rd6 (26... Kb8 $17 {Hoping for ...Rc8.} 27. d4 Rxd4) 27. Kh1 $15 Rhd8 (27... Kb8 $17 {And now ...Rc8 would win.} 28. d4 Rc8) 28. Ree5 (28. Re4 $1 $11) 28... Qd4 ({Black should play} 28... b6 $17 {Strongly threatening ...Rc6.} 29. Rb4 Qc7) 29. Rb4 Qa7 30. Rc4+ Rc6 $132 {[%mdl 2048] aiming for ...Qb6. Black has counterplay} 31. Ra5 Qb8 $1 32. Qe4 Qc7 (32... Rxc4 $11 {remains equal.} 33. Qxc4+ Kd7) 33. Ra8+ $16 Kd7 34. Rd4+ Rd6 $2 {[%mdl 8192]} (34... Ke7 $16 35. Raxd8 (35. Rdxd8 Rxc2 36. Re8+ Kf6 $17) 35... Rxc2 36. R8d7+ Qxd7 37. Rxd7+ Kxd7 38. Qxb7+ Ke8 39. Qb8+ Ke7 40. Qb4+ Kf6) 35. Rxd6+ $18 {White is clearly winning.} Qxd6 36. Qxb7+ Ke8 37. Ba4+ Kf8 38. Ra7 {Precision: White = 31%, Black = 39%.} 1-0

[Event "21st Alekhine FIDE 2017"]
[Site "Voronezh"]
[Date "2017.06.13"]
[Round "2"]
[White "Presnyakov, Kirill"]
[Black "Yashmetov, Nikolay"]
[Result "0-1"]
[WhiteElo "1876"]
[BlackElo "2127"]
[Annotator "TA"]
[PlyCount "68"]
[EventDate "2017.??.??"]
[EventType "swiss"]
[EventCountry "RUS"]
[SourceTitle "playchess.com"]
[Source "ChessBase"]
[SourceQuality "1"]

{[%evp 12,68,27,24,22,-16,-15,-16,-12,-19,-14,-13,-6,-18,44,41,53,44,48,54,60,50,45,45,45,45,48,43,69,13,1,-12,0,0,0,-18,-18,-12,35,-142,-50,-152,-144,-129,-141,-300,-176,-425,-423,-616,-623,-623,-616,-606,-572,-29997,-29998,-29998,-29999]} 1. d4 Nf6 2. c4 e6 3. Nf3 b6 4. g3 Ba6 5. Qc2 Bb7 6. Bg2 c5 7. O-O Nc6 {E15: Queen's Indian: 4 g3 sidelines, 4 g3 Ba6 and 4 g3 Bb7 early deviations} 8. Qd1 (8. dxc5 {looks sharper.} bxc5 9. Nc3 Be7 10. e4 e5 11. Nd5) 8... Nxd4 9. Nxd4 Bxg2 {The position is equal.} 10. Nxe6 $146 ({Predecessor:} 10. Kxg2 cxd4 11. Qxd4 Rc8 12. Bg5 Be7 13. Nc3 Qc7 14. a3 d5 15. Nb5 {0-1 (29) Monteiro,A (1405)-Fernandes,A (2402) Boavista 2016}) 10... fxe6 11. Kxg2 Be7 12. Nc3 O-O ({Black should try} 12... d5 $1 $11) 13. e4 $14 Qc7 14. Bf4 Qc6 15. Qe2 d6 16. Kg1 Nd7 17. Rad1 Ne5 18. Bxe5 dxe5 19. Rd3 a6 20. a4 (20. Rfd1 $14) 20... Rad8 21. Rfd1 Rd4 22. b3 Rfd8 (22... Qd6 $5) 23. Rxd4 cxd4 24. Na2 Rb8 25. f4 $2 {[#]} (25. Nc1 $1 $14 {keeps the upper hand.}) 25... Bc5 (25... exf4 $1 $17 {Strongly threatening ...Rf8.} 26. gxf4 Rf8) 26. Qd3 (26. Qf3 $1 $15) 26... exf4 $17 27. gxf4 Rf8 $36 {[%mdl 2048] Keeping White busy.} 28. b4 $2 (28. Rf1 $17) 28... Be7 ({Weaker is} 28... Rxf4 29. bxc5 Rg4+ 30. Kf1 $17) (28... Bd6 $142 29. f5 Qxa4) 29. Qxd4 $2 (29. b5 axb5 30. cxb5) 29... Rxf4 $19 30. Re1 (30. Nc3 $142 Bf6 31. Qd3 Rg4+ 32. Kf2) 30... Bh4 31. Re2 Qe8 32. Rg2 {[%csl Gg2][%cal Rd4g7] [#]} Qf8 {[%csl Gf8][%cal Rf4f1]} 33. h3 Rf1+ 34. Kh2 Qf4+ {Precision: White = 25%, Black = 63%.} 0-1

[Event "21st Alekhine FIDE 2017"]
[Site "Voronezh"]
[Date "2017.06.13"]
[Round "2"]
[White "Zisin, Oleg"]
[Black "Lepaev, Andrey"]
[Result "1/2-1/2"]
[WhiteElo "1870"]
[BlackElo "2059"]
[Annotator "NA RC"]
[PlyCount "81"]
[EventDate "2017.??.??"]
[EventType "swiss"]
[EventCountry "RUS"]
[SourceTitle "playchess.com"]
[Source "ChessBase"]
[SourceQuality "1"]
[TimeControl "40/5400+30:1800+30"]

1. e4 {[%emt 0:00:00]} e5 {[%emt 0:00:03]} 2. Nf3 {[%emt 0:00:00]} Nc6 {[%emt 0:00:04]} 3. d4 {[%emt 0:00:00]} exd4 {[%emt 0:00:04]} 4. Bc4 {[%emt 0:00:00]} Nf6 {[%emt 0:00:06]} 5. O-O {[%emt 0:00:00]} Nxe4 {[%emt 0:00:04]} 6. Re1 {[%emt 0:00:00]} d5 {[%emt 0:00:04]} 7. Bxd5 {[%emt 0:00:00]} Qxd5 {[%emt 0:00:05]} 8. Nc3 {[%emt 0:00:03]} Qa5 {[%emt 0:00:06]} 9. Nxe4 {[%emt 0:00:09]} Be6 {[%emt 0:00:04]} 10. Neg5 {[%emt 0:00:06]} O-O-O {[%emt 0:00:08]} 11. Nxe6 {[%emt 0:00:15]} fxe6 {[%emt 0:00:04]} 12. Rxe6 {[%emt 0:00:03] LiveBook: 147 Games} h6 $14 {[%emt 0:00:11]} 13. Qe2 {[%emt 0:07:02]} g5 {[%emt 0:00:05]} 14. Qe4 {[%emt 0:02:11]} Qd5 {[%emt 0:00:05]} 15. Bd2 {[%emt 0:07:13]} Bg7 {[%emt 0:00:07]} 16. Qxd5 {[%emt 0:17:26]} Rxd5 {[%emt 0:00:03]} 17. Rae1 {[%emt 0:02:10]} Rc5 {[%emt 0:03:33]} 18. Rg6 {[%emt 0:08:23]} Rh7 {[%emt 0:00:04]} 19. h4 {[%emt 0:10:08]} gxh4 {[%emt 0:00:19]} 20. Re8+ {[%emt 0:10:53]} Kd7 {[%emt 0:00:06]} 21. Rg8 {[%emt 0:00:12]} Be5 {[%emt 0:01:23]} 22. Nxe5+ {[%emt 0:15:08]} Nxe5 {[%emt 0:00:19]} 23. R6g7+ {[%emt 0:01:02]} Rxg7 {[%emt 0:00:04]} 24. Rxg7+ {[%emt 0:00:03]} Ke6 {[%emt 0:02:56]} 25. c3 {[%emt 0:01:29]} d3 {[%emt 0:02:23]} 26. b3 {[%emt 0:00:42]} a5 {[%emt 0:26:25]} 27. f4 {[%emt 0:01:54]} Nf7 {[%emt 0:00:18]} 28. Kf2 {[%emt 0:05:07]} Rh5 {[%emt 0:11:12]} 29. g4 {[%emt 0:05:46]} hxg3+ {[%emt 0:00:10]} 30. Rxg3 {[%emt 0:00:05]} Nd6 {[%emt 0:00:52]} 31. Rxd3 {[%emt 0:00:40]} Rh2+ {[%emt 0:00:47]} 32. Kg1 {[%emt 0:01:18]} Rh4 {[%emt 0:09:35]} 33. Kg2 {[%emt 0:02:06]} Nf5 {[%emt 0:13:04]} 34. c4 {[%emt 0:00:28]} Rg4+ {[%emt 0:01:07]} 35. Kf2 {[%emt 0:00:32]} h5 {[%emt 0:03:30]} 36. Rh3 {[%emt 0:01:41]} h4 {[%emt 0:00:47]} 37. Kf3 {[%emt 0:00:55]} Rg1 {[%emt 0:00:02]} 38. Bxa5 {[%emt 0:02:08]} b6 {[%emt 0:05:46]} 39. Bc3 {[%emt 0:00:30]} Rf1+ {[%emt 0:09:03]} 40. Kg4 {[%emt 0:00:36]} Rg1+ {[%emt 0:30:07]} 41. Kf3 {[%emt 0:30:04]} 1/2-1/2

[Event "21st Alekhine FIDE 2017"]
[Site "Voronezh"]
[Date "2017.06.13"]
[Round "2"]
[White "Ter-Saakian, Grigorii"]
[Black "Kondaurov, Yury"]
[Result "0-1"]
[WhiteElo "1844"]
[BlackElo "2046"]
[Annotator "NA RC"]
[PlyCount "76"]
[EventDate "2017.??.??"]
[EventType "swiss"]
[EventCountry "RUS"]
[SourceTitle "playchess.com"]
[Source "ChessBase"]
[SourceQuality "1"]
[TimeControl "40/5400+30:1800+30"]

{[%evp 8,74,54,81,32767,32767,32767,32767,32767,32767,32767,32767,8,32767,91,70,76,71,83,-2,-4,0,15,18,22,0,17,-26,-13,-65,-44,-68,-71,-85,-75,-87,-83,-87,-79,-70,-85,-71,-17,-27,-16,-47,-38,-66,-66,-66,-58,-59,-37,-128,-153,-143,-159,-192,-172,-231,-241,-289,-292,-302,-333,-706,-846,-1053,-587]} 1. d4 {[%emt 0:00:00]} Nf6 {[%emt 0:00:01]} 2. Nf3 {[%emt 0:00:00]} c5 {[%emt 0:00:08]} 3. d5 {[%emt 0:01:15]} e6 {[%emt 0:00:12]} 4. c4 {[%emt 0:00:39]} exd5 {[%emt 0:00:03]} 5. cxd5 {[%emt 0:00:05]} d6 {[%emt 0:00:04]} 6. Nc3 {[%emt 0:00:05]} g6 {[%emt 0:00:02]} 7. g3 {[%emt 0:00:06]} Bg7 {[%emt 0:00:06]} 8. Bg2 {[%emt 0:00:02]} O-O {[%emt 0:00:04]} 9. O-O {[%emt 0:00:04]} Re8 {[%emt 0:00:52]} 10. Nd2 {[%emt 0:07:37]} Na6 {[%emt 0:07:59]} (10... Nbd7 $11 {keeps the balance.}) 11. Nc4 {[%emt 0:06:01]} Nc7 {[%emt 0:00:12] LiveBook: 13 Games} 12. a4 {[%emt 0:00:03] A62: Modern Benoni: Fianchetto Variation without early ...Nbd7} b6 {[%emt 0:00:22]} 13. e4 {[%emt 0:01:37]} ({White should play} 13. Bf4 $16 Bf8 14. Re1 Nh5 15. Bd2 Ba6 16. b3 Qd7 17. e4 Bg7 18. Qc2 Rad8 19. h3 Qc8 20. g4 Nf6 21. Rad1 Bxc4 22. bxc4 {0-1 (59) Gordievsky,D (2491)-Ponkratov,P (2610) Kaliningrad 2015}) 13... Ba6 {[%emt 0:00:17]} 14. Qb3 {[%emt 0:03:28]} Bxc4 {[%emt 0:02:34]} 15. Qxc4 {[%emt 0:00:08]} a6 {[%emt 0:00:05]} 16. Bf4 {[%emt 0:11:45]} Rb8 {[%emt 0:03:51]} 17. Rad1 $146 {[%emt 0:08:40]} ({Predecessor:} 17. Qd3 b5 18. axb5 axb5 19. Rfe1 b4 20. Na4 Ng4 21. Qc2 {0-1 (35) Henrichsen,J (2150)-Auchenberg,P (2160) Copenhagen 1994}) 17... b5 {[%emt 0:00:51]} 18. axb5 {[%emt 0:00:05]} axb5 {[%emt 0:00:03]} 19. Qd3 {[%emt 0:00:04]} c4 {[%emt 0:03:09]} 20. Qc2 {[%emt 0:00:06] [#]} Na6 $1 {[%emt 0:00:44]} 21. Rfe1 {[%emt 0:02:40]} Nb4 {[%emt 0:00:23]} 22. Qb1 {[%emt 0:00:01]} Nd3 {[%emt 0:00:23]} 23. Rxd3 {[%emt 0:00:02]} cxd3 {[%emt 0:00:09]} 24. Qxd3 {[%emt 0:00:01]} Qd7 {[%emt 0:06:51]} ({Black should try} 24... Ng4 $17) 25. Bf1 {[%emt 0:05:14]} Nh5 {[%emt 0:01:42]} 26. Bc1 {[%emt 0:06:21]} b4 {[%emt 0:02:31]} 27. Ne2 {[%emt 0:04:57]} Nf6 {[%emt 0:00:19]} 28. f3 {[%emt 0:02:02]} Qb7 {[%emt 0:02:10]} 29. Be3 {[%emt 0:01:31]} Nd7 {[%emt 0:00:17]} 30. Bd4 {[%emt 0:03:56]} (30. Qb3 $15) 30... Ne5 {[%emt 0:01:07]} 31. Bxe5 {[%emt 0:00:27]} Bxe5 {[%emt 0:00:05]} 32. b3 {[%emt 0:03:06]} Ra8 {[%emt 0:01:28]} 33. f4 {[%emt 0:01:02]} Bg7 {[%emt 0:00:19]} 34. Bg2 {[%emt 0:00:29]} Ra2 {[%emt 0:00:18]} 35. Kf1 {[%emt 0:00:16]} Qb6 {[%emt 0:01:52]} 36. Bf3 $19 {[%emt 0:01:52]} (36. Rd1) 36... Rc8 {[%emt 0:00:19]} 37. Bg2 {[%emt 0:01:28]} Rcc2 {[%emt 0:01:16]} 38. Qf3 {[%emt 0:00:11]} Bc3 {[%emt 0:00:24]} 0-1

[Event "21st Alekhine FIDE 2017"]
[Site "Voronezh"]
[Date "2017.06.14"]
[Round "3"]
[White "Manukovsky, Vladimir"]
[Black "Lebedev, Mikhail S"]
[Result "0-1"]
[WhiteElo "2200"]
[BlackElo "2041"]
[Annotator "TA"]
[PlyCount "116"]
[EventDate "2017.??.??"]
[EventType "swiss"]
[EventCountry "RUS"]
[SourceTitle "playchess.com"]
[Source "ChessBase"]
[SourceQuality "1"]

{[%evp 9,116,41,28,33,31,-2,14,-16,-10,-66,-15,-30,-12,-58,-12,-53,-23,-114,-7,-57,0,0,0,0,0,3,3,-10,-3,-26,-4,-21,-13,-12,-8,-17,-9,-20,-15,-12,-18,-14,-8,-73,-12,-24,-22,-106,-103,-121,-120,-502,-503,-507,-500,-475,-470,-1714,-1195,-1703,-1066,-793,0,-1702,-1708,-1587,-1106,-1076,-1017,-1520,-1518,-1535,-1454,-1314,-1017,-3569,-3416,-2839,-2556,-2410,-1990,-12815,-6299,-29972,-6319,-29975,-29975,-29981,-29976,-29981,-29982,-29985,-29986,-29985,-29982,-29982,-29983,-29983,-29984,-29984,-29985,-29986,-29987,-29988,-29989,-29989,-29990,-29990,-29991]} 1. c4 f5 2. Nc3 Nf6 3. g3 g6 4. Bg2 Bg7 5. Nh3 (5. d4 d6 6. Nf3 O-O 7. O-O Nc6 8. d5 Na5 9. Qd3 e5 10. dxe6 Bxe6 11. b3 Nc6 12. Bb2 Qe7 13. Ng5 Bd7 14. Rad1 Kh8 15. Qd2 Rae8 16. Nd5 Nxd5 17. Bxg7+ Kxg7 18. cxd5 Ne5 19. Nf3 Nxf3+ 20. Bxf3 {0-1 (50) Kovchan,A (2585)-Korobov,A (2692) Rivne 2016}) 5... d6 6. O-O {A10: English Opening: Unusual Replies for Black} O-O 7. d3 Nc6 8. e4 {The position is equal.} e5 9. Bg5 $146 (9. exf5 $11 Bxf5 10. Ng5) ({Predecessor:} 9. f4 fxe4 10. dxe4 Nd4 11. Kh1 Be6 12. Qd3 Nd7 {0-1 (39) Coene,I (2155)-Van Oosterom,C (2393) Delft 2008}) 9... Be6 (9... f4 $15) 10. f4 Qd7 {With the idea ...fxe4.} (10... h6 $5 {[%cal Rh6g5]} 11. fxe5 dxe5 12. exf5 Bxf5 13. Bxf6 Rxf6 $11) 11. Nf2 (11. Bxf6 $5 Bxf6 12. Ng5 $15) 11... Nd4 12. fxe5 dxe5 13. Qd2 {[#]} (13. exf5 $11 gxf5 14. Qd2) 13... c6 (13... f4 $1 $17 {[%mdl 512] White must now prevent ...Nh5.} 14. gxf4 exf4 15. Bxf4 Nh5) 14. Rae1 {[#]} Nh5 (14... f4 $1 $15 {[%mdl 512]} 15. gxf4 exf4 16. Bxf4 Nh5) 15. exf5 $11 gxf5 16. Ne2 {[#]} f4 $1 {[%mdl 512] Hoping for ...f3.} 17. Nxd4 (17. gxf4 Nxe2+) 17... Qxd4 18. Re4 Qd6 19. Bh4 Bf5 20. g4 f3 $1 $36 {[%cal Rf3g2][%mdl 2048] Black has some pressure.} 21. gxf5 fxg2 22. Kxg2 Rxf5 23. Kh1 Nf4 24. Rg1 Kh8 25. Bg5 Raf8 26. Bxf4 (26. Re3 $11 {keeps the balance.}) 26... Rxf4 ({Black should play} 26... exf4 $17 27. d4 Rd8) 27. Re2 Bh6 {[%cal Bg7h6,Bh6e3,Be3d4][%mdl 32] Strongly threatening ...Rxf2.} 28. Qe1 (28. Qc2 $11) 28... Qd4 $17 {[%cal Rf4f2]} 29. Rg2 Rf3 {aiming for ...Be3.} 30. Qc3 $2 {[%mdl 8192]} (30. Rg4 $17 {was the crucial defense.} Qb6 31. Kg2) 30... Be3 $19 31. Qxd4 Bxd4 32. Kg1 Rxd3 {( -> ...Rd1+)} 33. Kf1 (33. h4 $142 Rh3 34. Rg5) 33... Rd1+ 34. Re1 Rd2 {[%cal Rf8f2]} 35. Re2 Rd1+ (35... Rxe2 $142 36. Kxe2 Bxb2) 36. Re1 Rxf2+ 37. Rxf2 Rxe1+ 38. Kxe1 Bxf2+ 39. Kxf2 {[%mdl 4096] Endgame KP-KP} Kg7 40. Kf3 Kf7 41. Ke4 Ke6 42. Ke3 Kf5 43. Kf3 e4+ 44. Ke3 Ke5 45. Ke2 Kd4 46. b3 a5 (46... c5 $142 47. Kd2 a5 48. h3 e3+ 49. Kc2 Ke4 50. a3 Kf3 51. Kc3 e2 52. Kd2 Kf2 53. Kc2 e1=Q 54. b4 a4 55. bxc5 Ke3 56. c6 Qa1 57. h4 Qa2+ 58. Kc1 Kd3 59. cxb7 Qc2#) 47. Kd2 {[#]} a4 $1 {[%mdl 512] Black mates.} 48. h3 (48. bxa4 Kxc4) 48... h6 49. h4 h5 50. Ke2 axb3 51. axb3 Kc3 52. Ke3 Kxb3 53. c5 Kc4 54. Kxe4 Kxc5 55. Kf5 b5 {[%cal Bb7b5,Bb5b4,Bb4b3,Bb3b2][%mdl 32]} 56. Kg5 b4 57. Kxh5 b3 58. Kg5 b2 {Precision: White = 21%, Black = 53%.} 0-1

[Event "21st Alekhine FIDE 2017"]
[Site "Voronezh"]
[Date "2017.06.14"]
[Round "3"]
[White "Shishkin, Aleksey A"]
[Black "Zisin, Oleg"]
[Result "1-0"]
[WhiteElo "2191"]
[BlackElo "1870"]
[Annotator "TA"]
[PlyCount "79"]
[EventDate "2017.??.??"]
[EventType "swiss"]
[EventCountry "RUS"]
[SourceTitle "playchess.com"]
[Source "ChessBase"]
[SourceQuality "1"]

{[%evp 17,79,7,23,12,10,16,31,31,32,36,37,41,29,33,33,34,39,29,30,27,32,18,39,5,49,39,34,0,0,16,22,30,25,28,171,161,158,68,188,32,466,-433,500,469,554,206,205,191,185,171,329,152,385,387,378,278,502,492,498,474,12467,11188,12453,12467]} 1. c4 Nf6 2. Nc3 e6 3. d4 Bb4 4. e3 b6 5. Bd3 Bb7 6. Nge2 Bxg2 7. Rg1 Be4 8. a3 Bxc3+ 9. Nxc3 Bg6 10. e4 {E43: Nimzo-Indian: Rubinstein: 4...b6} d6 11. Bg5 Nbd7 12. f4 {[%cal Bf2f4,Bf4f5][%mdl 32] White is slightly better.} e5 13. dxe5 $146 ({Predecessor:} 13. Nd5 exf4 14. Qf3 c5 15. Bc2 O-O 16. O-O-O cxd4 17. Rxd4 Rc8 18. Nxf6+ gxf6 {1-0 (34) Rakhmanov,A (2585)-Zernyshkin,V (2319) Samara 2011}) 13... dxe5 14. f5 Bh5 $1 {[%cal Rh5d1]} 15. Be2 Bxe2 16. Qxe2 c6 17. O-O-O {[%mdl 1024] White has compensation.} Qe7 18. Bh4 Rg8 19. Rg3 O-O-O 20. Kc2 Nc5 21. Rdg1 Rd4 22. Rxg7 Rgd8 {[#] And now ...Rd2+! would win.} 23. Rg8 $1 {[%mdl 512]} Rxg8 24. Rxg8+ Kb7 25. Rg7 {Hoping for Rxh7!} Nd3 {[#]} (25... Ncd7 $11) 26. Rxh7 $1 $18 {[%mdl 512]} Nf4 (26... Nxh7 27. Bxe7) 27. Qf1 (27. Bxf6 $16 Qxf6 28. Qg4) 27... Rd7 $1 $14 28. Rh6 $2 ({White should try} 28. Kb1 $1 $18) 28... Rd6 $2 {[%mdl 8192]} (28... Ng4 $1 $14 29. Bxe7 Ne3+ 30. Kc1 Nxf1) 29. Ne2 $4 {[%mdl 8192]} (29. Bg5 $18) 29... Nxe2 $4 {[%mdl 8192]} (29... Qd7 $1 $19 {and life is good for Black. ...Rd2+ is the strong threat.} 30. Be1 (30. Nxf4 $2 Rd2+ 31. Kb3 Nxe4 $19) 30... Rd2+ $1 {[%mdl 512]} 31. Bxd2 Qd3+ 32. Kc1 Nxe2+ 33. Kd1 Nc3+ $1 {[%mdl 512]} 34. Ke1 Qxe4+ 35. Kf2 Qd4+ 36. Ke1 Qe4+ 37. Kf2 Qd4+ 38. Ke1 Qe4+) 30. Qxe2 $18 Qd8 {[#]} 31. Bxf6 $2 (31. c5 $1 {[%mdl 512]} bxc5 32. Bg5) 31... Rxf6 32. Rxf6 Qxf6 {[%mdl 4096] Endgame KQ-KQ} 33. Qh5 Qg7 $2 (33... Qe7 34. h4 f6) 34. Kb3 (34. h4 $18 {and White stays clearly on top.}) 34... b5 $2 (34... a5 $16 35. Qd1 Kc7) 35. cxb5 cxb5 36. Ka2 b4 $2 (36... a6 37. h4 Qf8) 37. axb4 {White is clearly winning.} f6 38. Qe8 Qc7 (38... Qg5 $142 39. Qh8 Qc1 40. Qxf6 Qc4+ 41. Ka3 Qxe4 42. Qe7+ Kc6 43. Qc5+ Kb7 44. Qe7+ Kc8 45. Qe6+ Kd8 46. Qd6+ Ke8 47. Qe6+ Kd8) 39. Qb5+ Ka8 40. Qc5 {Precision: White = 56%, Black = 28%.} 1-0

[Event "21st Alekhine FIDE 2017"]
[Site "Voronezh"]
[Date "2017.06.14"]
[Round "3"]
[White "Peschansky, Mikhail"]
[Black "Mikhnenko, Alexander"]
[Result "1/2-1/2"]
[WhiteElo "2162"]
[BlackElo "2019"]
[Annotator "TA"]
[PlyCount "110"]
[EventDate "2017.??.??"]
[EventType "swiss"]
[EventCountry "RUS"]
[SourceTitle "playchess.com"]
[Source "ChessBase"]
[SourceQuality "1"]

{[%evp 19,110,10,15,-19,0,-9,-4,-53,-29,-29,-32,-34,-25,-33,-26,-29,-27,-29,-37,-35,-22,-20,0,-25,-34,-32,-29,-40,-45,-65,26,-52,-16,-92,-98,-92,-88,-83,-75,-77,-70,-119,-117,-118,-113,-117,-84,-107,-95,-78,-17,-58,-58,-66,-66,-62,-31,-38,-30,-40,-42,-85,-88,-103,-118,-89,-19,-20,-25,-55,0,0,0,0,0,0,0,0,0,0,0,0,0,0,0,0,0,0,0,0,0,0,0]} 1. c4 c5 2. g3 Nf6 3. Bg2 d5 4. cxd5 Nxd5 5. Nc3 Nc7 6. Nf3 {[%cal Bg1f3,Bf3d2,Bd2c4][%mdl 32]} Nc6 7. O-O e5 8. d3 Be7 9. Nd2 Bd7 10. Nc4 f6 {LiveBook: 309 Games} 11. Nd5 {A34: Symmetrical English: 2 Nc3, lines with ...d5} Nxd5 12. Bxd5 Rc8 $146 ({Predecessor:} 12... Bh3 13. Bxc6+ bxc6 14. Re1 h5 15. e4 Qd7 16. f3 Rd8 17. Be3 Qxd3 18. Qxd3 Rxd3 {½-½ (54) Tompa,J (2392)-Grosar,A (2451) Austria 2003}) 13. Be3 Bh3 14. Bg2 Bxg2 15. Kxg2 Qd5+ 16. f3 O-O 17. Qb3 b6 18. Nd2 Qxb3 19. Nxb3 Nd4 20. Bxd4 cxd4 21. Rfc1 Kf7 22. a3 Ke6 23. f4 Kd5 24. Kf3 Bd6 (24... f5 $15) 25. Nd2 (25. f5 $11) 25... exf4 26. gxf4 (26. Rxc8 $1 $11 Rxc8 27. gxf4) 26... Rxc1 $1 $17 27. Rxc1 $15 {[%mdl 4096] Endgame KRB-KRN} g5 28. fxg5 fxg5+ 29. Kg2 Bf4 30. Rc2 Bxd2 $1 31. Rxd2 $17 {[#] KR-KR} Rc8 $1 32. Kf3 {[#]} h5 $1 33. b4 Rc3 34. Ra2 Rb3 (34... Rc1 $17) 35. Kg3 Ke5 36. Ra1 Rb2 37. Kf2 Kf4 38. Rc1 Ra2 39. Rc7 Rxa3 40. Re7 Ra4 41. Re4+ Kf5 42. Rxd4 Ke5 (42... a5 $17 43. Rd5+ Kg4 44. h3+ Kxh3 45. Rxg5 Kh4) 43. Re4+ $11 Kd6 44. h4 g4 ({Black should try} 44... a5 $15 45. Rd4+ (45. hxg5 Rxb4 46. Re8 Rg4 $17) 45... Ke7 46. Re4+ Kd7 47. Rd4+ (47. hxg5 Rxb4 48. Re5 Rg4 $17) 47... Ke6 48. Re4+ Kd6 49. Rd4+ (49. hxg5 Rxb4 50. Re8 Rg4 $17) 49... Ke6 50. Re4+ Kd6) 45. Rf4 {The position is equal.} Ke5 46. Rf7 Rxb4 {...Rf4+ is the strong threat.} 47. Rxa7 Rb5 48. Ke3 Kf5 49. Rh7 Kg6 50. Rb7 Re5+ 51. Kf2 Re6 52. e4 Rf6+ 53. Kg2 Rd6 54. d4 Rxd4 55. Rxb6+ Kf7 {Precision: White = 51%, Black = 61%.} 1/2-1/2